U.S. House of Representatives A-Z Quiz - Statistics

General Stats
  • This quiz has been taken 202 times
    35 since last reset
  • The average score is 16 of 25
Answer Stats
Congressman/Congresswoman % Correct
J Sara Jacobs | Jonathan Jackson | Ronny Jackson | John James | Pramila Jayapal | Hakeem Jeffries | Dusty Johnson | Hank Johnson | Julie Johnson | Mike Johnson | Jim Jordan | David Joyce | John Joyce
97%
S Maria Elvira Salazar | Andrea Salinas | Linda Sánchez | Steve Scalise | Mary Gay Scanlon | Jan Schakowsky | Derek Schmidt | Brad Schneider | Hillary Scholten | Kim Schrier | David Schweikert | Austin Scott | Bobby Scott | David Scott | Keith Self | Pete Sessions | Terri Sewell | Brad Sherman | Lateefah Simon | Mike Simpson | Adam Smith | Adrian Smith | Chris Smith | Jason Smith | Lloyd Smucker | Eric Sorensen | Darren Soto | Victoria Spartz | Melanie Stansbury | Greg Stanton | Pete Stauber | Elise Stefanik | Bryan Steil | Greg Steube | Haley Stevens | Marilyn Strickland | Dale Strong | Marlin Stutzman | Suhas Subramanyam | Tom Suozzi | Eric Swalwell | Emilia Sykes
90%
B Brian Babin | Don Bacon | Jim Baird | Troy Balderson | Becca Balint | Andy Barr | Nanette Barragán | Tom Barrett | Michael Baumgartner | Aaron Bean | Joyce Beatty | Nick Begich III | Wesley Bell | Cliff Bentz | Ami Bera | Jack Bergman | Don Beyer | Stephanie Bice | Andy Biggs | Sheri Biggs | Gus Bilirakis | Sanford Bishop | Lauren Boebert | Suzanne Bonamici | Mike Bost | Brendan Boyle | Josh Brecheen | Rob Bresnahan | Shontel Brown | Julia Brownley | Vern Buchanan | Nikki Budzinski | Tim Burchett | Eric Burlison | Janelle Bynum
87%
G John Garamendi | Andrew Garbarino | Chuy García | Robert Garcia | Sylvia Garcia | Brandon Gill | Laura Gillen | Carlos A. Giménez | Marie Gluesenkamp Perez | Jared Golden | Craig Goldman | Daniel Goldman | Jimmy Gomez | Tony Gonzales | Vicente Gonzalez | Lance Gooden | Maggie Goodlander | Josh Gottheimer | Sam Graves | Adam Gray | Al Green | Marjorie Taylor Greene | Morgan Griffith | Adelita Grijalva | Glenn Grothman | Michael Guest | Brett Guthrie
83%
C Ken Calvert | Kat Cammack | Salud Carbajal | Mike Carey | André Carson | Buddy Carter | John Carter | Troy Carter | Greg Casar | Ed Case | Sean Casten | Kathy Castor | Joaquin Castro | Sheila Cherfilus-McCormick | Judy Chu | Juan Ciscomani | Gil Cisneros | Katherine Clark | Yvette Clarke | Emanuel Cleaver | Ben Cline | Michael Cloud | Jim Clyburn | Andrew Clyde | Steve Cohen | Tom Cole | Mike Collins | James Comer | Herb Conaway | Lou Correa | Jim Costa | Joe Courtney | Angie Craig | Eli Crane | Rick Crawford | Dan Crenshaw | Jasmine Crockett | Jason Crow | Henry Cuellar
83%
M Nancy Mace | Ryan Mackenzie | Seth Magaziner | Nicole Malliotakis | Celeste Maloy | Tracey Mann | John Mannion | Thomas Massie | Brian Mast | Doris Matsui | Lucy McBath | Sarah McBride | Michael McCaul | Lisa McClain | April McClain-Delaney | Jennifer McClellan | Tom McClintock | Betty McCollum | Rich McCormick | Kristen McDonald Rivet | Addison McDowell | Morgan McGarvey | Jim McGovern | John McGuire | LaMonica McIver | Gregory Meeks | Christian Menefee | Rob Menendez | Grace Meng | Dan Meuser | Mark Messmer | Kweisi Mfume | Carol Miller | Max Miller | Mariannette Miller-Meeks | Mary Miller | Cory Mills | Dave Min | John Moolenaar | Barry Moore | Blake Moore | Gwen Moore | Riley Moore | Tim Moore | Kelly Morrison | Nathaniel Moran | Joseph Morelle | Jared Moskowitz | Seth Moulton | Frank J. Mrvan | Kevin Mullin | Greg Murphy
83%
A Alma Adams | Robert Aderholt | Pete Aguilar | Mark Alford | Rick Allen | Gabe Amo | Mark Amodei | Yassamin Ansari | Jodey Arrington | Jake Auchincloss
80%
T Mark Takano | David Taylor | Claudia Tenney | Shri Thanedar | Bennie Thompson | Glenn Thompson | Mike Thompson | Tom Tiffany | William Timmons | Dina Titus | Rashida Tlaib | Jill Tokuda | Paul Tonko | Norma Torres | Ritchie Torres | Lori Trahan | Derek Tran | Mike Turner
80%
P Frank Pallone | Gary Palmer | Jimmy Panetta | Chris Pappas | Jimmy Patronis | Nancy Pelosi | Scott Perry | Scott Peters | Brittany Pettersen | August Pfluger | Chellie Pingree | Mark Pocan | Ayanna Pressley | Nellie Pou
77%
O Jay Obernolte | Alexandria Ocasio-Cortez | Andy Ogles | Ilhan Omar | Bob Onder | Burgess Owens
77%
R Delia Ramirez | Emily Randall | Jamie Raskin | Guy Reschenthaler | Josh Riley | Luz Rivas | Hal Rogers | Mike Rogers | John Rose | Deborah Ross | David Rouzer | Chip Roy | John Rutherford | Raul Ruiz | Michael Rulli | Pat Ryan
70%
H Harriet Hageman | Abraham Hamadeh | Josh Harder | Mike Haridopolos | Pat Harrigan | Andy Harris | Mark Harris | Diana Harshbarger | Jahana Hayes | Kevin Hern | Clay Higgins | French Hill | Jim Himes | Ashley Hinson | Steven Horsford | Erin Houchin | Chrissy Houlahan | Steny Hoyer | Val Hoyle | Richard Hudson | Jared Huffman | Bill Huizenga | Wesley Hunt | Jeff Hurd
70%
L Darin LaHood | Nick LaLota | Greg Landsman | Nick Langworthy | Rick Larsen | John B. Larson | George Latimer | Bob Latta | Mike Lawler | Laurel Lee | Summer Lee | Susie Lee | Teresa Leger Fernandez | Debbie Lesko | Julia Letlow | Andy Levin | Mike Levin | Sam Liccardo | Ted Lieu | Zoe Lofgren | Barry Loudermilk | Frank Lucas | Anna Paulina Luna | Morgan Luttrell | Stephen Lynch
67%
V David Valadao | Jeff Van Drew | Beth Van Duyne | Matt Van Epps | Derrick Van Orden | Juan Vargas | Gabe Vasquez | Marc Veasey | Nydia Velázquez | Eugene Vindman
67%
F Pat Fallon | Randy Feenstra | Cleo Fields | Shomari Figures | Randy Fine | Brad Finstad | Michelle Fischbach | Scott Fitzgerald | Brian Fitzpatrick | Chuck Fleischmann | Lizzie Fletcher | Mike Flood | Vince Fong | Bill Foster | Valerie Foushee | Virginia Foxx | Lois Frankel | Scott Franklin | Laura Friedman | Maxwell Frost | Russell Fry | Russ Fulcher
67%
K Sydney Kamlager-Dove | Marcy Kaptur | Thomas Kean Jr. | Bill Keating | Mike Kelly | Robin Kelly | Trent Kelly | Mike Kennedy | Tim Kennedy | Ro Khanna | Jen Kiggans | Kevin Kiley | Young Kim | Brad Knott | Raja Krishnamoorthi | David Kustoff
67%
W Ann Wagner | Tim Walberg | Michael Waltz | Debbie Wasserman Schultz | Maxine Waters | Bonnie Watson Coleman | Randy Weber | Daniel Webster | Bruce Westerman | George T. Whitesides | Tony Wied | James Walkinshaw | Nikema Williams | Roger Williams | Frederica Wilson | Joe Wilson | Rob Wittman | Steve Womack
63%
E Chuck Edwards | Sarah Elfreth | Jake Ellzey | Tom Emmer | Veronica Escobar | Adriano Espaillat | Ron Estes | Dwight Evans | Gabe Evans | Mike Ezell
63%
D Sharice Davids | Warren Davidson | Danny Davis | Don Davis | Madeleine Dean | Diana DeGette | Monica De La Cruz | Rosa DeLauro | Suzan DelBene | Chris Deluzio | Mark DeSaulnier | Scott DesJarlais | Maxine Dexter | Mario Díaz-Balart | Debbie Dingell | Lloyd Doggett | Byron Donalds | Troy Downing | Neal Dunn
63%
N Jerry Nadler | Richard Neal | Joe Neguse | Troy Nehls | Dan Newhouse | Donald Norcross | Ralph Norman | Zach Nunn
53%
Z Ryan Zinke
40%
Q Mike Quigley
30%
Y Rudy Yakym
30%
I Darrell Issa | Glenn Ivey
27%
U Lauren Underwood
20%
No matching quizzes found
Score Distribution
Percent of People with Each Score
Percentile by Number Answered
Your Score History
You have not taken this quiz since the last reset